00641nam a22002057a 450000500170000001000150001702000110003203500130004303700130005608200100006910000260007924500490010526000370015427000410019130000270023270000100025994200240026999900170029395201250031020100816141711.0 aENG-100695 c150.00 aEN-84228 bDBAD/PUB a230.1 aChandra, Dipak914120 aKrishana in indraprastha /cby Dipak Chandra aCalcuttabNew Bengal Pressc2008 a68, College StreetbCalcuttae700073 aiv, 169 p. b20cm (Hb) 914037 2ddccENh230.1mCHA c42196d42196 001040718NFICaDBADbDBADd2010-08-16g150.00l0o230.1 CHApEN-84228r2010-08-16 00:00:00t1v150.00w2010-08-16yEN